000 00415nam a2200145Ia 4500
003 OSt
005 20260124110350.0
008 211028s2017 xx 000 0 und d
040 _cAIMIT LIBRARY
041 _aeng
100 _aMonteiro, Jeniffer;
_g1516061
_97637
245 _aStudy on effectiveness of training programe at big bazaar Mangalore /
260 _aMangalore
_bRajani Suresh.
_c2017
942 _2ddc
_cPRO
999 _c219205
_d219205